000 00664nam a2200229Ia 4500
003 OSt
005 20250228104352.0
008 210719s2015 xx 000 0 und d
040 _cAL
041 _aeng
082 _a378.14 STAR
100 _aST ALOYSIUS COLLEGE
_9174810
245 _aSt. Aloysius college (Autonomous) Mangaluru: Annual report 2014-2015
250 _aRevised
260 _aMangaluru
_bSt Aloysisus College
_c2015
300 _a293
_bPB
650 _aCollege day-135
_9185401
650 _aSt Aloysius College (Autonomous) Mangalore
_9202909
650 _aMarch 6, 2015
_9186045
650 _aHigher Education
_9174812
942 _2ddc
_cBK
999 _c215575
_d215575